000 00391nam a22001697a 4500
005 20180323121639.0
008 160621b xxu||||| |||| 00| 0 eng d
020 _a81-7446-289-9
041 _aeng
082 _b8730
_a338.5024658
100 _aAtmanand
_9576
245 _aManagerial Economics
260 _bExcel Books
_c2007
300 _a706
650 _aManagement
_9241
942 _cBK
999 _c3380
_d3379